000 00465nam a2200181Ia 4500
003 GCL
008 140319s9999 xx 000 0 eng d
040 _aGCL /
_cGCL
082 0 4 _a371.3078
_bP E
100 1 _aPASSE, JEFE
245 1 0 _aELEMENTARY SCHOOL CURRICULUM /
_cPASSE, JEFE
260 _a[S.N] :
_bWCB BROWN & BENCHANARK ،
_c1995
300 _a404 P
650 0 4 _aELEMENTARY SCHOOL
650 0 4 _aCURRICULUMS
650 0 4 _aCURRICULUM
942 _2ddc
_cBK
999 _c10227
_d10227